Vista normal
Vista MARC
Entrada Nombre personal
Número de registros utilizados en: 1
001 - NÚMERO DE CONTROL
- Campo de control: 47505
003 - IDENTIFICADOR DE NÚMERO DE CONTROL
- Campo de control: OSt
005 - FECHA Y HORA DE LA ULTIMA MODIFICACION
- Campo de control: 20230629175750.0
008 - ELEMENTOS DE DATOS DE LONGITUD FIJA
- Campo de longitud fija: 230629|| aca||aabn | a|a d
040 ## - FUENTE DE LA CATALOGACIÓN
- Agencia original de catalogación: OSt
100 1# - ENCABEZAMIENTO--NOMBRE DE PERSONA
- Nombre personal: Velásquez de Cáceres, Karen Yossibel
670 ## - FUENTE DE DATOS ENCONTRADOS
- Fuente de citación: Proyecto, guía metodológica de enseñanza para reforzar la matemática de forma virtual en primer ciclo de educación básica
670 ## - FUENTE DE DATOS ENCONTRADOS
- Fuente de citación: BMC.- 29-06-2023